|
|
|
|
| LEADER |
00000nab a2200000 a 4500 |
| 001 |
vtls000863026 |
| 003 |
SK-MaSNL |
| 005 |
20260304120034.0 |
| 008 |
250429c2003 xo 0 slo |
| 015 |
|
|
|a SNBRB2004/02-05339
|
| 035 |
|
|
|a CLN000214592
|
| 035 |
|
|
|a (urnnbn)urn:nbn:sk:snk:ar-0067zy
|
| 035 |
|
|
|a (uuid)58fff8b1-beba-4384-97bb-52f4b843e85d
|
| 035 |
|
|
|a urn:nbn:sk:snk-ab83t0
|
| 040 |
|
|
|a SNKBUCL
|b slo
|c SNKBUCL
|e AACR2
|
| 041 |
0 |
|
|a slo
|
| 044 |
|
|
|a xo
|c SK
|
| 080 |
|
|
|a 623.7:061.43
|2 1997
|
| 080 |
|
|
|a 629.7:061.43
|2 1997
|
| 100 |
1 |
|
|a Gyűrösi, Miroslav,
|d 1965-
|4 aut
|9 388192
|
| 245 |
1 |
0 |
|a MAKS 2003
|c Miroslav Gyűrösi
|
| 300 |
|
|
|b Fotogr.
|
| 611 |
1 |
7 |
|a MAKS
|n 6.
|d 2003
|c Žukovskij, Rusko
|2 snkbucl
|9 1423357
|
| 650 |
0 |
7 |
|a letecká technika
|2 snkbucl
|9 70986
|
| 655 |
|
7 |
|a články z novín a časopisov
|2 snkbucl
|9 267496
|
| 773 |
0 |
|
|t Obrana
|g Roč. 11, č. 19 (2003), s. 14-17
|x 1336-2910
|
| 850 |
|
|
|a Slovenská národná knižnica
|
| 852 |
|
|
|a Slovenská národná knižnica
|
| 954 |
|
|
|a odborná, vedecká literatúra pôvodná (slovenská)
|2 lita
|
| 958 |
|
|
|a article9
|
| 958 |
|
|
|a OND
|
| 958 |
|
|
|a EUIPO
|
| 992 |
|
|
|a RBX
|
| 999 |
|
|
|c 2878443
|d 2880373
|